ROUTLEDGE COMPANION to Northeast India (Record no. 1225661)

MARC details
000 -LEADER
fixed length control field 00704nam a2200229Ia 4500
005 - DATE AND TIME OF LATEST TRANSACTION
control field 20241129104401.0
008 - FIXED-LENGTH DATA ELEMENTS--GENERAL INFORMATION
fixed length control field 241129s9999||||xx |||||||||||||| ||und||
020 ## - INTERNATIONAL STANDARD BOOK NUMBER
International Standard Book Number 9781032534480
037 ## - SOURCE OF ACQUISITION
Stock number Textual
040 ## - CATALOGING SOURCE
Original cataloging agency RTL
Language of cataloging eng
Transcribing agency RTL
041 ## - LANGUAGE CODE
Language code of text/sound track or separate title eng
Source of code eng
084 ## - COLON CLASSIFICATION NUMBER
Classification number Y74445:4582.29W R4
Assigning agency RTL
100 ## - MAIN ENTRY--PERSONAL NAME
Personal name Wouters Jelle J.P.; Subba Tanka B.
9 (RLIN) 726142
245 #0 - TITLE STATEMENT
Title ROUTLEDGE COMPANION to Northeast India
Statement of responsibility, etc. Wouters Jelle J.P.; Subba Tanka B.
260 ## - PUBLICATION, DISTRIBUTION, ETC.
Place of publication, distribution, etc. London
Name of publisher, distributor, etc. Routledge
Date of publication, distribution, etc. 2024
300 ## - PHYSICAL DESCRIPTION
Extent xxxi,515p.
365 ## - TRADE PRICE
Price type code INR
Price amount 1995
490 ## - SERIES STATEMENT
Series statement Routledge Companions
650 ## - SUBJECT ADDED ENTRY--TOPICAL TERM
Topical term or geographic name entry element Northeast India
9 (RLIN) 726143
942 ## - ADDED ENTRY ELEMENTS (KOHA)
Koha item type Textbook
Classification part Y74445:4582.29W R4
Holdings
Withdrawn status Lost status Damaged status Not for loan Home library Current library Date acquired Source of acquisition Cost, normal purchase price Inventory number Total Checkouts Full call number Barcode Date last seen Price effective from Koha item type
        Ratan Tata Library Ratan Tata Library 2024-11-29 Shivam Book Service 1995.00 165 & 09/2/24   Y74445:4582.29W R4 RT1585126 2024-11-29 2024-11-29 Textbook
Copyright @ Delhi University Library System